000 00514nam a2200169 a 4500
001 000046521
005 20201002052930.0
008 150821s2004 dr a r 000 0 spa d
020 _a9993423661
040 _aDO-SdBNP
_bspa
_cBNPHU
082 _axxxx
_bC712d
100 1 _aCollins Collado, Mary de
_974507
245 1 0 _aDiario de lectura :
_bpinta ilustra 1 /
_cMary Collins de Collado.
260 _aSanto Domingo :
_bAmigo del hogar,
_cs. f.
300 _a48 p. :
_bil. ;
_c28 cm.
590 _aInventariado, 2018/BT
999 _c46010
_d46010